000 00561nam a22002417a 4500
003 UA-OsUOA
001 20602
007 ta
008 20031101b un ||||| |||| 00| 0 ukr d
100 _aФихман И.Ф.
090 _a913(620)
_bФ65
942 _cBK
040 _aUA-OsUOA
_brus
_cUA-OsUOA
_dUA-OsUOA
245 _aОксиринх - город папирусов
300 _a343 с.
955 _a0
041 _arus
080 _a913(620)
260 _aМосква
_bНаука
_c1976
044 _aRU
650 7 _2UDC
999 _c306782
_d306782